Consumer Behavior : (Record no. 17410)
[ view plain ]
| 000 -LEADER | |
|---|---|
| fixed length control field | 00992cam a2200289 a 4500 |
| 001 - CONTROL NUMBER | |
| control field | 15310911 |
| 005 - DATE AND TIME OF LATEST TRANSACTION | |
| control field | 20201128020948.0 |
| 008 - FIXED-LENGTH DATA ELEMENTS--GENERAL INFORMATION | |
| fixed length control field | 080530s2009 njua b 001 0 eng |
| 010 ## - LIBRARY OF CONGRESS CONTROL NUMBER | |
| LC control number | 2008024353 |
| 020 ## - INTERNATIONAL STANDARD BOOK NUMBER | |
| International Standard Book Number | 0131714740 (alk. paper) |
| 020 ## - INTERNATIONAL STANDARD BOOK NUMBER | |
| International Standard Book Number | 9780131714748 (alk. paper) |
| 082 00 - DEWEY DECIMAL CLASSIFICATION NUMBER | |
| Classification number | 687.0688 |
| Edition number | 22 |
| Item number | SOL |
| 100 1# - MAIN ENTRY--PERSONAL NAME | |
| Personal name | Solomon, Michael R. |
| 9 (RLIN) | 33002 |
| 245 10 - TITLE STATEMENT | |
| Title | Consumer Behavior : |
| Remainder of title | in Fashion / |
| Statement of responsibility, etc | Michael R. Solomon, Nancy J. Rabolt. |
| 260 ## - PUBLICATION, DISTRIBUTION, ETC. (IMPRINT) | |
| Place of publication, distribution, etc | Upper Saddle River, N.J. : |
| Name of publisher, distributor, etc | Pearson/Prentice Hall, |
| Date of publication, distribution, etc | c2009. |
| 300 ## - PHYSICAL DESCRIPTION | |
| Extent | xiv, 580 p. : |
| Other physical details | ill. ; |
| Dimensions | 26 cm. |
| 504 ## - BIBLIOGRAPHY, ETC. NOTE | |
| Bibliography, etc | Includes bibliographical references and index. |
| 650 #0 - SUBJECT ADDED ENTRY--TOPICAL TERM | |
| Topical term or geographic name as entry element | Fashion merchandising. |
| 9 (RLIN) | 32994 |
| 650 #0 - SUBJECT ADDED ENTRY--TOPICAL TERM | |
| Topical term or geographic name as entry element | Clothing and dress |
| General subdivision | Marketing. |
| 9 (RLIN) | 33003 |
| 650 #0 - SUBJECT ADDED ENTRY--TOPICAL TERM | |
| Topical term or geographic name as entry element | Consumer behavior. |
| 9 (RLIN) | 33004 |
| 650 #0 - SUBJECT ADDED ENTRY--TOPICAL TERM | |
| Topical term or geographic name as entry element | Consumers' preferences. |
| 9 (RLIN) | 33005 |
| 650 #0 - SUBJECT ADDED ENTRY--TOPICAL TERM | |
| Topical term or geographic name as entry element | Consumers |
| General subdivision | Psychology. |
| 9 (RLIN) | 33006 |
| 650 #0 - SUBJECT ADDED ENTRY--TOPICAL TERM | |
| Topical term or geographic name as entry element | Consumer protection. |
| 9 (RLIN) | 1178 |
| 653 ## - INDEX TERM--UNCONTROLLED | |
| Resource For college | |
| Arrived date list | March2013 |
| 700 1# - ADDED ENTRY--PERSONAL NAME | |
| Personal name | Rabolt, Nancy J. |
| 9 (RLIN) | 33007 |
| 942 ## - ADDED ENTRY ELEMENTS (KOHA) | |
| Source of classification or shelving scheme | Dewey Decimal Classification |
| Item type | Book - Borrowing |
| Withdrawn status | Item status | Source of classification or shelving scheme | Damaged status | Not for loan | Vendor | Home library | Current library | Shelving location | Date acquired | Source of acquisition | Total Checkouts | Full call number | Barcode | Date last seen | Date last borrowed | Koha item type | Total Renewals |
|---|---|---|---|---|---|---|---|---|---|---|---|---|---|---|---|---|---|
| Dewey Decimal Classification | Baccah | Central Library | Central Library | First floor | 27/03/2013 | 1 | 687.0688 SOL | 000028645 | 15/07/2025 | 17/03/2014 | Book - Borrowing | ||||||
| Dewey Decimal Classification | Baccah | Central Library | Central Library | First floor | 27/03/2013 | 1 | 687.0688 SOL | 000028646 | 15/07/2025 | 01/11/2014 | Book - Borrowing | ||||||
| Dewey Decimal Classification | Baccah | Central Library | Central Library | First floor | 27/03/2013 | 2 | 687.0688 SOL | 000028647 | 15/07/2025 | 17/03/2014 | Book - Borrowing | 1 |